Word Ladder: Denver Quiz Stats

 Plays Quiz Updated Dec 7, 2012

Support Sporcle.
Go Orange.
Score 0/14 Timer 02:00
2 Plays Today
Clue Answer % Correct
What a genie grantsWISH
97.6%
Road Runner predator ____ E. CoyoteWILE
95%
Wolverine portrayer JackmanHUGH
93.8%
Audible exhaleSIGH
91.5%
Like King SolomonWISE
89.9%
With [rung 1] + [rung 14], nickname for Denver, COHIGH
89.3%
'Be quiet!'HUSH
89%
Clue Answer % Correct
'I ____ the fool!'PITY
85.5%
With [rung 9] + [rung 14], nickname for Denver, COMILE
83.8%
With [rung 1] + [rung 9], nickname for Denver, COCITY
81.3%
One who adheres to the Dark Side of the ForceSITH
80.2%
The essence of the matterPITH
72.9%
Spew forthGUSH
64.7%
Silent era actress LillianGISH
64.3%

Today's Daily Dose

You're not logged in!

Compare scores with friends on all Sporcle quizzes.
OR
Log In

From the Vault

Ad-libs Made Famous II

by FearTheManatee

We bet these ad-libs made some poor screenwriter very cranky.
Remove Ads.
Support Sporcle.
Get the best of Sporcle when you Go Orange. This ad-free experience offers more features, more stats, and more fun while also helping to support Sporcle. Thank you for becoming a member.

Show Comments

Extras

Top Quizzes Today


Score Distribution

Your Account Isn't Verified!

In order to create a playlist on Sporcle, you need to verify the email address you used during registration. Go to your Sporcle Settings to finish the process.

Report this User

Report this user for behavior that violates our Community Guidelines.

Details: